Statistics for "And Something" Acronyms

Click here to take the quiz!

General Stats

  • This quiz has been taken 97 times
  • The average score is 7 of 16

Answer Stats

HintAnswer% Correct
Q&AQuestions and answers
93%
PB&JPeanut butter and jelly
79%
B&BBed and breakfast
75%
D&DDungeons & Dragons
63%
R&BRhythm and blues
63%
R&RRest and recuperation
51%
R&DResearch and development
47%
J&JJohnson & Johnson
45%
P&GProctor & Gamble
42%
L&OLaw & Order
27%
S&MSadism and masochism
26%
AT&TAmerican Telephone and Telegraph
25%
B&EBreak and enter
21%
S&PStandard & Poor's
20%
C&PCopy and paste
10%
LL&PLive long and prosper
4%

Score Distribution

Percentile by Number Answered

Percent of People with Each Score

Your Score History

You have not taken this quiz